00544nam a2200181Ia 450000500170000000800410001702000140005804000190007204100120009108200170010324501020012025000120022226000380023430000330027250400190030570000280032485000100035220240206094607.0131103s9999 xx 000 0 und d a471536512 aLoreto College aEnglish a370.15 bLIN aCurrent Readings in Educational Psychology, cEdited by Henry Clay Lindgren & Fredrica Lindgren a2nd ed. aNew YorkbJohn Wiley & Sonsc1968 axi,513 p.b ill.,fig.,photos aIncludes index aLindgren,Henry Clay,ed. aLCLIB